000 00466nam a2200145Ia 4500
003 GCL
008 140319s9999 xx 000 0 ara d
040 _aGCL /
_cGCL
082 0 4 _a251.12
_bس س
100 1 _aسالم على البهنساوى
245 1 0 _aالسنة المفترى عليها /
_cسالم على البهنساوى
260 _a[S.N] :
_bدار الوفاء للطباعة والنشر والتوزيع ،
_c1992
300 _a371 ص
490 _a
999 _c53680
_d53680